[Event "MTO Open"]
[Site "Biel SUI"]
[Date "2006.07.25"]
[Round "2"]
[White "Alekseev,Evgeny"]
[Black "Liepins,O"]
[Result "1-0"]
[WhiteElo "2644"]
[BlackElo "2105"]

1.d4 d5 2.c4 c6 3.Nf3 Nf6 4.Nc3 Qb6 5.Qb3 dxc4 6.Qxc4 Bf5 7.g3 e6 8.Bg2 Nbd7
9.Nh4 Bg6 10.O-O Qb4 11.Qxb4 Bxb4 12.Bd2 Bxc3 13.Bxc3 Be4 14.f3 Bd5 15.Bh3 Bc4
16.Rfe1 h5 17.Ng2 O-O-O 18.e4 Kb8 19.Ne3 Ba6 20.Rad1 h4 21.g4 Rhe8 22.g5 Nh5
23.Ng2 b6 24.Bg4 Rh8 25.d5 exd5 26.exd5 c5 27.Re7 Bc8 28.Rxf7 Nf8 29.Be5+ Ka8
30.Bc7 Re8 31.d6 Be6 32.Re7 Ng6 33.Rxe6  1-0

[Event "MTO Open"]
[Site "Biel SUI"]
[Date "2006.08.02"]
[Round "9"]
[White "Kritz,L"]
[Black "Alekseev,Evgeny"]
[Result "1-0"]
[WhiteElo "2578"]
[BlackElo "2644"]

1.e4 c5 2.Ne2 Nf6 3.Nbc3 d6 4.g3 Nc6 5.Bg2 g6 6.h3 Bg7 7.d3 Rb8 8.f4 O-O
9.O-O Nd7 10.g4 b5 11.Ng3 b4 12.Nce2 a5 13.Rb1 Nd4 14.f5 Nxe2+ 15.Nxe2 e6
16.Bf4 Ne5 17.Qd2 exf5 18.exf5 gxf5 19.gxf5 Kh8 20.Bg5 Bf6 21.Bxf6+ Qxf6
22.Qf4 Rg8 23.Kh2 Rg5 24.Ng3 Qg7 25.Qh4 f6 26.Rf2 Qg8 27.Rbf1 d5 28.Qh6 Rb6
29.Re1 Ra6 30.Nh5 Nf7 31.Qxf6+ Rxf6 32.Nxf6 Qf8 33.Re8 Qxe8 34.Nxe8 Bxf5
35.h4 Rh5 36.Nf6 Rxh4+ 37.Kg3  1-0

[Event "ETCC"]
[Site "Crete GRE"]
[Date "2007.11.06"]
[Round "9"]
[White "Alekseev,Evgeny"]
[Black "Delchev,A"]
[Result "1-0"]
[WhiteElo "2716"]
[BlackElo "2613"]

1.d4 Nf6 2.c4 e6 3.Nf3 d5 4.Nc3 dxc4 5.Bg5 Bb4 6.e4 c5 7.dxc5 Qxd1+ 8.Rxd1 Nbd7
9.Bd2 Bxc5 10.Bxc4 a6 11.Be2 Bd6 12.O-O O-O 13.a3 b5 14.Be3 Bb8 15.Nd4 Bb7
16.f3 Rc8 17.Nb3 Bc7 18.Rd2 Ne5 19.Rfd1 Bc6 20.Kf2 Be8 21.h3 h6 22.Rc2 Nc4
23.Bxc4 bxc4 24.Nd2 Nh5 25.Rdc1 Bg3+ 26.Kf1 Bf4 27.Nd1 Ba4 28.b3 Bb5 29.Nxc4 Rd8
30.Bxf4 Nxf4 31.Nb2 Rab8 32.a4 Bxc4+ 33.bxc4 Rdc8 34.c5 Rc6 35.g3 Nxh3 36.f4 g5
37.Kg2 g4 38.Nd3 f6 39.Rb2 Rxb2+ 40.Nxb2 e5 41.Nd3 a5 42.fxe5 Ng5 43.exf6 Nxe4
44.f7+ Kf8 45.Rc4 Nf6 46.Ne5 Re6 47.c6 Nd5 48.c7 Nxc7 49.Nd7+ Kxf7 50.Rxc7 Re2+
51.Kf1 Re3 52.Nc5+ Kg6 53.Kf2 Rf3+ 54.Kg2 Rc3 55.Ne6 Ra3 56.Nf4+ Kf5 57.Rc4 Ra2+
58.Kf1 Ra3 59.Ne2 h5 60.Ke1 Ke6 61.Nf4+  1-0

[Event "World Cup"]
[Site "Khanty-Mansiysk RUS"]
[Date "2009.11.26"]
[Round "2.3"]
[White "Fressinet,L"]
[Black "Alekseev,Evgeny"]
[Result "0-1"]
[WhiteElo "2653"]
[BlackElo "2715"]

1.d4 Nf6 2.Nf3 e6 3.c4 b6 4.g3 Bb7 5.Bg2 Bb4+ 6.Bd2 c5 7.Bxb4 cxb4 8.O-O O-O
9.Qb3 a5 10.a3 Na6 11.Nbd2 d6 12.Rfe1 Re8 13.Rad1 Qc7 14.e4 e5 15.Qd3 Rad8
16.Nh4 g6 17.Nf1 bxa3 18.bxa3 Nb8 19.Nf3 Nc6 20.Ne3 exd4 21.Nd5 Nxd5 22.cxd5 Ne5
23.Qxd4 Nd7 24.h4 b5 25.Rb1 Ba6 26.Rbc1 Nc5 27.e5 Rc8 28.Bh3 Nb3 29.Bxc8 Nxd4
30.Nxd4 Qb6 31.Bxa6 Qxd4 32.e6 fxe6 33.Bxb5 Rf8 34.dxe6 Qxf2+ 35.Kh1 Qf3+
36.Kh2 Qf2+ 37.Kh1 Qxg3 38.e7 Qxh4+ 39.Kg1 Qg5+ 40.Kh1 Qh4+ 41.Kg1 Qg5+ 42.Kh1 Qh5+
43.Kg1 Qxb5 44.exf8=Q+ Kxf8 45.Rc8+ Kg7 46.Rc7+ Kh6 47.Ree7 Qb1+ 48.Kg2 Qb2+
49.Kg1 Qxa3 50.Rxh7+ Kg5 51.Rc2 Qe3+ 52.Rf2 a4 53.Rf7 Kg4 54.Rf6 g5 55.Rxd6 Kg3
56.Rd2 Qe1+  0-1

[Event "62nd ch-RUS"]
[Site "Moscow RUS"]
[Date "2009.12.21"]
[Round "2"]
[White "Alekseev,Evgeny"]
[Black "Timofeev,Arty"]
[Result "1/2-1/2"]
[WhiteElo "2715"]
[BlackElo "2651"]

1.e4 c5 2.Nf3 e6 3.c3 d5 4.exd5 exd5 5.d4 Nc6 6.Bb5 Bd6 7.dxc5 Bxc5 8.O-O Ne7
9.Nbd2 O-O 10.Nb3 Bb6 11.Bd3 h6 12.Re1 Bg4 13.h3 Bh5 14.Be3 Bc7 15.Bc5 Re8
16.Bc2 Qd7 17.Bxe7 Nxe7 18.Nbd4 a6 19.Qd3 Bg6 20.Qd2 Bh5 21.Nh4 Qd6 22.g3 Bb6
23.Qd3 Bg6 24.Nxg6 Nxg6 25.h4 Re5 26.Rxe5 Qxe5 27.Rd1 Re8 28.a4 Kf8 29.Kg2 Qh5
30.Qf5 Qxf5 31.Bxf5 Ne5 32.b3 g6 33.Bb1 Ng4 34.Kf3 h5 35.b4 Rc8 36.Ne2 Bxf2
37.Rxd5 Re8 38.Bd3 Re3+ 39.Kg2 Be1 40.Kf1 Bd2 41.Be4 Bxc3 42.Rd8+ Ke7 43.Rb8 Bxb4
44.Rxb7+ Kd6 45.Rxb4 Kc5 46.Rb7 Rxe4 47.Rc7+ Kb6 48.Rxf7 Rxa4 49.Nf4 a5 50.Nxg6 Ra2
51.Nf4 Ne3+ 52.Ke1 a4 53.Re7 Ng2+ 54.Nxg2 Rxg2 55.Re3 Kc5 56.Kd1 Rb2 57.Kc1 Rb3
58.Re5+ Kb4 59.Re4+ Ka3 60.g4 hxg4 61.Rxg4 Rh3 62.Kc2  1/2-1/2

[Event "ch-RUS Higher League"]
[Site "Irkutsk RUS"]
[Date "2010.08.27"]
[Round "2"]
[White "Alekseev,Evgeny"]
[Black "Maletin,P"]
[Result "1/2-1/2"]
[WhiteElo "2691"]
[BlackElo "2617"]

1.d4 Nf6 2.c4 e6 3.Nf3 d5 4.Nc3 c6 5.Bg5 h6 6.Bxf6 Qxf6 7.e3 Nd7 8.Bd3 dxc4
9.Bxc4 g6 10.O-O Bg7 11.e4 e5 12.d5 Nb6 13.Bb3 Bg4 14.Rc1 O-O 15.h3 Bxf3
16.Qxf3 Qxf3 17.gxf3 Rfd8 18.Rfd1 Bf6 19.dxc6 bxc6 20.Rxd8+ Rxd8 21.Nd1 Rc8
22.Ne3 Kg7 23.Rc5 Be7 24.Rc2 c5 25.Kf1 Rd8 26.Bd5 Nd7 27.Rc3 Nb6 28.Ra3 Rd7
29.Ra5 Rc7 30.b3 Bg5 31.Nc4 Nxc4 32.Bxc4 Bd2 33.Rb5 Bb4 34.a4 a5 35.Rb6 Rd7
36.Bd5 Kf8 37.Rf6 Kg7 38.Ra6 Kf8 39.Ke2 Ke7 40.Ke3 Rd6 41.Ra7+ Rd7 42.Rxd7+ Kxd7
43.Bxf7 g5 44.Kd3  1/2-1/2

[Event "ch-RUS Higher League"]
[Site "Irkutsk RUS"]
[Date "2010.08.28"]
[Round "3"]
[White "Khairullin,I"]
[Black "Alekseev,Evgeny"]
[Result "1/2-1/2"]
[WhiteElo "2620"]
[BlackElo "2691"]

1.d4 Nf6 2.c4 e6 3.g3 d5 4.Nf3 dxc4 5.Bg2 Nc6 6.Qa4 Bb4+ 7.Bd2 Nd5 8.Bxb4 Nxb4
9.Nc3 Bd7 10.O-O a5 11.Qd1 O-O 12.e3 a4 13.Qe2 Na5 14.Ne5 Nd5 15.Nxd5 exd5
16.Bxd5 Bh3 17.Qf3 Bxf1 18.Bxf7+ Kh8 19.Rxf1 Nc6 20.Nxc6 bxc6 21.Qh5 Rb8
22.Bxc4 Rxb2 23.Bd3 g6 24.Bxg6 Qe7 25.a3 Rb5 26.Qh3 Rb3 27.Bf5 Rxa3 28.Rc1 Rxe3
29.fxe3 Qxe3+ 30.Kg2 Qd2+ 31.Kf3 Qd3+ 32.Kf4 Qxd4+ 33.Kf3 Qd3+ 34.Kf4 Qd4+
35.Kf3 Qd3+ 36.Kf4  1/2-1/2

[Event "ch-RUS Higher League"]
[Site "Irkutsk RUS"]
[Date "2010.08.29"]
[Round "4"]
[White "Alekseev,Evgeny"]
[Black "Galkin,A"]
[Result "1/2-1/2"]
[WhiteElo "2691"]
[BlackElo "2597"]

1.Nf3 d5 2.d4 e6 3.g3 b5 4.Qd3 Ba6 5.Bg2 Nf6 6.Bg5 c5 7.c3 Nbd7 8.a4 Qb6
9.axb5 Bxb5 10.Qc2 h6 11.Be3 Ng4 12.Bc1 cxd4 13.Nxd4 Bc5 14.O-O Bxd4 15.cxd4 Qxd4
16.Nc3 Qb6 17.h3 Ngf6 18.Be3 Qb7 19.Qb3 Bc6 20.Qxb7 Bxb7 21.Rxa7 Rxa7 22.Bxa7 Ke7
23.f4 Rc8 24.Bd4 Nc5 25.Rd1 h5 26.Bf3 g6 27.Bf2 Nfe4 28.Bxe4 Nxe4 29.Nxe4 dxe4
30.Be3 Rc2 31.Rd2 Rxd2 32.Bxd2 Kd6 33.Kf2  1/2-1/2

[Event "ch-RUS Higher League"]
[Site "Irkutsk RUS"]
[Date "2010.08.30"]
[Round "5"]
[White "Frolyanov,D"]
[Black "Alekseev,Evgeny"]
[Result "1/2-1/2"]
[WhiteElo "2587"]
[BlackElo "2691"]

1.d4 Nf6 2.c4 e6 3.Nf3 b6 4.g3 Bb7 5.Bg2 Be7 6.O-O O-O 7.Nc3 Ne4 8.Nxe4 Bxe4
9.Ne1 Bxg2 10.Nxg2 d5 11.Qa4 dxc4 12.Qxc4 c5 13.dxc5 Bxc5 14.Be3 Nd7 15.Rfd1 Qe7
16.Rac1 Rad8 17.Bxc5 Nxc5 18.Ne3 Rxd1+ 19.Rxd1 Rd8 20.Rxd8+ Qxd8 21.b4 Nd7
22.Qc6 Nf8 23.Qc3 Qd7 24.Kg2 Qb7+ 25.Kg1 Qd7 26.Kg2 Qb7+ 27.Kg1 Qd7 28.Kg2 Qb7+  1/2-1/2

[Event "ch-RUS Higher League"]
[Site "Irkutsk RUS"]
[Date "2010.09.03"]
[Round "8"]
[White "Alekseev,Evgeny"]
[Black "Yevseev,D"]
[Result "1-0"]
[WhiteElo "2691"]
[BlackElo "2531"]

1.e4 c6 2.d4 d5 3.e5 Bf5 4.Nd2 e6 5.Nb3 Nd7 6.Nf3 Qc7 7.Be2 f6 8.O-O Ne7
9.exf6 gxf6 10.Nh4 O-O-O 11.Nxf5 Nxf5 12.c4 Bd6 13.cxd5 exd5 14.Bd3 Ne7 15.Qh5 Bf4
16.Re1 Ng6 17.g3 Bxc1 18.Raxc1 Kb8 19.Bf5 Qd6 20.Re6 Qb4 21.Qf3 Rhg8 22.Kh1 Rg7
23.a3 Qb6 24.Rce1 a6 25.h4 Qc7 26.h5 Ngf8 27.Re7 Rxe7 28.Rxe7 Ka7 29.Qe3 Qb6
30.Bxh7 Nxh7 31.Rxh7 a5 32.a4 Qb4 33.Kg2 Nf8 34.Rf7 Ne6 35.Qxe6 Qxb3 36.Qxc6  1-0

[Event "ch-RUS Higher League"]
[Site "Irkutsk RUS"]
[Date "2010.09.04"]
[Round "9"]
[White "Nepomniachtchi,I"]
[Black "Alekseev,Evgeny"]
[Result "1/2-1/2"]
[WhiteElo "2706"]
[BlackElo "2691"]

1.e4 e5 2.Nf3 Nf6 3.Nxe5 d6 4.Nf3 Nxe4 5.Nc3 Nxc3 6.dxc3 Be7 7.Be3 Nc6 8.Qd2 Be6
9.O-O-O Qd7 10.Kb1 a6 11.Ng5 Bf5 12.h3 O-O 13.Be2 Ne5 14.Nf3 Nxf3 15.Bxf3 c6
16.g4 Be6 17.Bg2 Rfe8 18.Bf4 Rad8 19.Qe3 b5 20.Qb6 d5 21.Rd2  1/2-1/2

[Event "5th Agzamov Mem"]
[Site "Tashkent UZB"]
[Date "2011.03.18"]
[Round "1"]
[White "Alekseev,Evgeny"]
[Black "Artemenko,O"]
[Result "1-0"]
[WhiteElo "2688"]
[BlackElo "2204"]

1.d4 d5 2.Nf3 Nf6 3.c4 dxc4 4.e3 e6 5.Bxc4 a6 6.O-O c5 7.dxc5 Qxd1 8.Rxd1 Bxc5
9.Nfd2 b6 10.Nb3 Be7 11.f3 O-O 12.e4 Nbd7 13.Be3 a5 14.a4 Ba6 15.N1d2 Ne5
16.Rac1 Rfd8 17.Bxa6 Rxa6 18.Rc7 Bb4 19.Kf1 Ne8 20.Rcc1 Kf8 21.Ke2 Nd3 22.Rc2 Be7
23.Nc4 Nb4 24.Rxd8 Bxd8 25.Rd2 Bc7 26.Nd4 Bxh2 27.Nb5 Nc6 28.Nxb6 f6 29.Kf2 Bb8
30.Rc2 Ne5 31.Rc8 Ba7 32.Rxe8+ Kxe8 33.Nc7+ Ke7 34.Nxa6 Nd3+ 35.Ke2 Nxb2
36.Nc4  1-0

[Event "5th Agzamov Mem"]
[Site "Tashkent UZB"]
[Date "2011.03.21"]
[Round "4"]
[White "Petrosian,TL"]
[Black "Alekseev,Evgeny"]
[Result "1/2-1/2"]
[WhiteElo "2620"]
[BlackElo "2688"]

1.e4 e5 2.Nf3 Nc6 3.Bc4 Bc5 4.c3 Nf6 5.d3 d6 6.O-O O-O 7.Bb3 h6 8.Nbd2 a6
9.h3 Ba7 10.Re1 Re8 11.Nf1 Be6 12.Bc2 d5 13.Qe2 b5 14.N3h2 d4 15.Ng3 Qd6
16.a3 a5 17.Bd2 Red8 18.Rec1 dxc3 19.bxc3 b4 20.cxb4 axb4 21.Bxb4 Nxb4 22.axb4 Qxb4
23.Nf3 Nd7 24.Rab1 Qa3 25.Nf5 Bb6 26.Rd1 Qc3 27.Qd2 Qxd2 28.Rxd2 Kf8 29.Bb3 Nc5
30.Bxe6 fxe6  1/2-1/2

[Event "5th Agzamov Mem"]
[Site "Tashkent UZB"]
[Date "2011.03.22"]
[Round "5"]
[White "Alekseev,Evgeny"]
[Black "Kazhgaleyev,M"]
[Result "1/2-1/2"]
[WhiteElo "2688"]
[BlackElo "2618"]

1.e4 e5 2.Nf3 Nc6 3.Bc4 Bc5 4.c3 Nf6 5.d3 O-O 6.O-O d5 7.exd5 Nxd5 8.h3 Nb6
9.Bb3 Bf5 10.Bc2 Re8 11.Qe2 Nd5 12.Re1 Qd7 13.Qf1 Rad8 14.Ng5 h6 15.Ne4 Bb6
16.Na3 Nf4 17.Bxf4 exf4 18.d4 f3 19.Qd3 Rxe4 20.Rxe4 fxg2 21.Rae1 g6 22.Kxg2 Kg7
23.Qf3 Bxe4 24.Bxe4 Ne7 25.Nc4 c6 26.Bc2 Bc7 27.Ne5 Bxe5 28.Rxe5 Qd6 29.Bb3 Nf5
30.Kf1  1/2-1/2

[Event "5th Agzamov Mem"]
[Site "Tashkent UZB"]
[Date "2011.03.24"]
[Round "7"]
[White "Ismagambetov,An"]
[Black "Alekseev,Evgeny"]
[Result "1/2-1/2"]
[WhiteElo "2496"]
[BlackElo "2688"]

1.e4 e5 2.Nf3 Nc6 3.Bb5 Nf6 4.O-O Nxe4 5.d4 Nd6 6.Bxc6 dxc6 7.dxe5 Nf5 8.Qxd8+ Kxd8
9.Nc3 Ke8 10.h3 h5 11.Re1 Be6 12.a3 Rd8 13.Bg5 Be7 14.Rad1 Rxd1 15.Rxd1 f6
16.Bf4 Bd8 17.Ne4 b6 18.g4 hxg4 19.hxg4 Nh4 20.Nxh4 Rxh4 21.f3 Bxg4 22.Rxd8+ Kxd8
23.exf6 gxf6 24.Bg3 Rh1+ 25.Kg2 Bxf3+ 26.Kxf3 f5 27.Ng5 Rc1 28.Ne6+ Kd7 29.Nd4 c5
30.Nxf5 Rxc2 31.Be5 Ke6 32.Ne3 Rd2 33.Bc3 Rh2 34.Ke4 Rh4+ 35.Kd3 a5 36.Be1 Rd4+
37.Kc2 a4 38.Nd1 Kd7 39.Nc3 Kc6 40.Bd2 b5 41.Be3 Rg4 42.Bd2 Rc4 43.Kb1 Rd4
44.Kc1 Rd3 45.Kc2 Rh3 46.Bf4 Rf3 47.Be5 Rf2+ 48.Kc1 Rf5 49.Bg7 Rg5 50.Bh6 Rg8
51.Be3 Ra8 52.Bd2 Rg8 53.Be3 Rg3 54.Bf4 Rf3 55.Bd2 b4 56.Nd1 Kb5 57.Ne3 Rh3
58.Kc2 c6 59.Bc1 Rh5 60.Bd2 Rh1 61.Bc1 b3+ 62.Kd2 c4 63.Nd1 Rh2+ 64.Ke3 Rh3+
65.Ke2 Rh2+ 66.Ke3 Rh3+  1/2-1/2

[Event "5th Agzamov Mem"]
[Site "Tashkent UZB"]
[Date "2011.03.26"]
[Round "9"]
[White "Holmirzaev,B"]
[Black "Alekseev,Evgeny"]
[Result "0-1"]
[WhiteElo "2362"]
[BlackElo "2688"]

1.e4 c5 2.Nc3 Nc6 3.g3 g6 4.Bg2 Bg7 5.d3 d6 6.f4 Nf6 7.Nf3 O-O 8.O-O Rb8
9.h3 b5 10.a3 a5 11.g4 Nd7 12.f5 Nde5 13.Rb1 e6 14.Be3 b4 15.axb4 axb4 16.Ne2 Nxf3+
17.Rxf3 Ne5 18.Rf2 exf5 19.gxf5 Kh8 20.b3 gxf5 21.exf5 Rg8 22.Ng3 Bf6 23.Ne4 Bb7
24.Kh1 Bxe4 25.dxe4 Bg5 26.Qd2 Bxe3 27.Qxe3 Qh4 28.Rf4 Qh6 29.Rd1 Rg5 30.f6 Qg6
31.Rf2 Rg8 32.Qe2 Rg3 33.Qf1 Qh6 34.Rxd6 Ng6 35.Rf3 Rg5 36.Rd2 Nh4 37.Rff2 Nxg2
38.Rxg2 Qxh3+ 39.Kg1 Qe3+ 40.Kh1 Rh5+ 41.Rh2 Rxh2+ 42.Rxh2 Qxe4+ 43.Rg2 Qxg2+
44.Qxg2 Rxg2 45.Kxg2 h5  0-1

[Event "64th ch-RUS HL"]
[Site "Taganrog RUS"]
[Date "2011.06.26"]
[Round "11"]
[White "Alekseev,Evgeny"]
[Black "Sjugirov,S"]
[Result "1/2-1/2"]
[WhiteElo "2673"]
[BlackElo "2629"]

1.d4 Nf6 2.c4 e6 3.Nf3 d5 4.e3 Be7 5.Bd3 O-O 6.O-O b6 7.b3 Bb7 8.Bb2 c5 9.cxd5 exd5
10.Nc3 Nbd7 11.Qe2 a6 12.Rfd1 Re8 13.Rac1 Bd6 14.Qf1 Qe7 15.Bf5 Bc6 16.Bd3 Bb7
17.Bf5 Bc6 18.Bd3 Bb7  1/2-1/2

[Event "65th ch-RUS HL"]
[Site "Tyumen RUS"]
[Date "2012.06.16"]
[Round "1"]
[White "Alekseev,Evgeny"]
[Black "Kabanov,N"]
[Result "1-0"]
[WhiteElo "2677"]
[BlackElo "2496"]

1.e4 e5 2.Nf3 Nc6 3.Bb5 Nf6 4.O-O Bc5 5.c3 O-O 6.d3 d6 7.Nbd2 Bb6 8.h3 Bd7
9.Ba4 Ne7 10.Bc2 Ng6 11.d4 c6 12.Re1 Bc7 13.Nf1 Re8 14.Ng3 h6 15.Be3 d5 16.exd5 Nxd5
17.Bxg6 fxg6 18.dxe5 Bxe5 19.Nxe5 Rxe5 20.Qb3 Qc7 21.Bd4 Rxe1+ 22.Rxe1 Re8
23.Rxe8+ Bxe8 24.c4 Nb6 25.Qe3 Bf7 26.b3 Nc8 27.f4 b6 28.f5 c5 29.Be5 Qe7
30.Qc3 Be8 31.f6 gxf6 32.Bxf6 Qf7 33.Ne2 Nd6 34.Qe5 Qd7 35.Nc3 Bf7 36.Qf4 g5
37.Qg3  1-0

[Event "65th ch-RUS HL"]
[Site "Tyumen RUS"]
[Date "2012.06.17"]
[Round "2"]
[White "Bocharov,D"]
[Black "Alekseev,Evgeny"]
[Result "1-0"]
[WhiteElo "2600"]
[BlackElo "2677"]

1.d4 Nf6 2.c4 e6 3.Nc3 Bb4 4.e3 O-O 5.Ne2 Re8 6.a3 Bf8 7.d5 d6 8.g3 exd5
9.cxd5 c5 10.Bg2 Nbd7 11.O-O g6 12.b4 a6 13.b5 Ne5 14.e4 Bg7 15.Rb1 Nfd7
16.bxa6 Rxa6 17.Nb5 Nb6 18.Nec3 Nec4 19.Qb3 Bd7 20.Re1 h5 21.h4 Na5 22.Qc2 Nbc4
23.Bf1 Bg4 24.Kg2 Ne5 25.Be2 Qc8 26.f3 Bh3+ 27.Kh2 Bd7 28.a4 Qb8 29.Kg2 Rc8
30.f4 Ng4 31.Nd1 c4 32.Bb2 Bxb2 33.Qxb2 Nb3 34.Bxg4 Bxg4 35.f5 Rf8 36.Ne3 Rxa4
37.Rf1 Nc5 38.Qc2 c3 39.fxg6 fxg6 40.e5 Kg7 41.Nxd6 Qa7 42.Qxc3 Ra3 43.Rxb7+ Nxb7
44.Qc7+ Kh6 45.Rxf8 Ra2+ 46.Nc2  1-0

[Event "65th ch-RUS HL"]
[Site "Tyumen RUS"]
[Date "2012.06.25"]
[Round "9"]
[White "Alekseev,Evgeny"]
[Black "Yevseev,D"]
[Result "1-0"]
[WhiteElo "2677"]
[BlackElo "2529"]

1.e4 c6 2.d4 d5 3.e5 Bf5 4.h4 h6 5.g4 Bd7 6.Nc3 c5 7.dxc5 e6 8.Be3 h5 9.Nb5 Bxb5
10.Bxb5+ Nc6 11.c3 Qc7 12.g5 Ne7 13.Qa4 Qxe5 14.Nf3 Qc7 15.Bf4 Qc8 16.O-O-O Ng6
17.Be3 a6 18.Bd3 Qd7 19.c4 Nge5 20.Nxe5 Nxe5 21.Qxd7+ Nxd7 22.b4 dxc4 23.Bxc4 Ne5
24.Bb3 Nc6 25.Bd2 a5 26.a3 axb4 27.axb4 Nd4 28.Kb2 Nxb3 29.Kxb3 Be7 30.Bc3 f6
31.Rhe1 fxg5 32.hxg5 Rd8 33.Ra1 O-O 34.Rxe6 Bxg5 35.Rg1 Rd5 36.Rg6 Rff5 37.Rxg7+ Kf8
38.Rxb7 Rd3 39.Kc4 Rdf3 40.Bg7+ Ke8 41.Re1+ Kd8 42.c6  1-0

[Event "65th ch-RUS HL"]
[Site "Tyumen RUS"]
[Date "2012.06.26"]
[Round "10"]
[White "Frolyanov,D"]
[Black "Alekseev,Evgeny"]
[Result "0-1"]
[WhiteElo "2564"]
[BlackElo "2677"]

1.e4 e5 2.Nf3 Nc6 3.Bb5 Nf6 4.O-O Nxe4 5.Re1 Nd6 6.Nxe5 Be7 7.Bf1 Nxe5 8.Rxe5 O-O
9.d4 Bf6 10.Re1 Re8 11.c3 Rxe1 12.Qxe1 Qe8 13.Qxe8+ Nxe8 14.Bf4 d5 15.Bd3 a5
16.Nd2 Bd7 17.Re1 c6 18.h3 g6 19.Nf3 Rd8 20.g4 Bg7 21.Kg2 Bf8 22.Bg3 Nd6
23.Bh4 Ra8 24.a4 Kg7 25.b3 f6 26.c4 Re8 27.Rxe8 Nxe8 28.c5 Nc7 29.g5 Be7
30.Bg3 Ne6 31.gxf6+ Bxf6 32.Be5 Bxe5 33.Nxe5 Be8 34.Bc2 Nxd4 35.Bd1 Ne6 36.Nd3 g5
37.Bg4 Kf6 38.f4 gxf4 39.Kf3 Bg6 40.Nxf4 Nxc5  0-1

[Event "65th ch-RUS"]
[Site "Moscow RUS"]
[Date "2012.08.07"]
[Round "5"]
[White "Sjugirov,S"]
[Black "Alekseev,Evgeny"]
[Result "0-1"]
[WhiteElo "2635"]
[BlackElo "2673"]

1.d4 Nf6 2.c4 e6 3.Nf3 b6 4.g3 Bb7 5.Bg2 Be7 6.Nc3 Ne4 7.Bd2 Bf6 8.O-O O-O
9.Rc1 c5 10.d5 exd5 11.cxd5 Nxd2 12.Nxd2 d6 13.Nde4 Be5 14.Qd2 Ba6 15.Rfe1 g6
16.g4 Qe7 17.f4 Bg7 18.g5 Nd7 19.a4 Rae8 20.e3 Rd8 21.h4 Rfe8 22.b3 Nf8 23.Ng3 Bc8
24.Bf3 h6 25.Nce4 Nh7 26.Qd3 f5 27.Nd2 hxg5 28.hxg5 Nxg5 29.fxg5 Qxg5 30.Nf1 Kf7
31.Rc2 Rh8 32.Rg2 Be5 33.Qd2 Qf6 34.Ree2 Rh3 35.Bg4 Rh4 36.Bf3 Rh3 37.Bg4 fxg4
38.Ref2 Bf5 39.e4 Qh4 40.exf5 g5 41.Qd3 Rh8 42.Re2 Bd4+ 43.Re3 Re8 44.Kf2 Rh1
45.Ke2 Qh3 46.Kf2 Rxf1+ 47.Kxf1 Bxe3 48.f6 Qh6 49.Re2 Qxf6+ 50.Qf5 Re5  0-1

[Event "Botvinnik Memorial 2012"]
[Site "St Petersburg RUS"]
[Date "2012.08.28"]
[Round "4.2"]
[White "Alekseev,Evgeny"]
[Black "Popov,Val"]
[Result "1/2-1/2"]
[WhiteElo "2673"]
[BlackElo "2557"]

1.e4 e6 2.d4 d5 3.Nc3 Bb4 4.exd5 exd5 5.Bd3 c6 6.Ne2 Bg4 7.O-O Ne7 8.Qe1 O-O
9.Ng3 Re8 10.Qd2 Nd7 11.f3 Be6 12.a3 Bd6 13.Nce2 Ng6 14.c3 Qh4 15.Qg5 Qxg5
16.Bxg5 f6 17.Bd2 Nb6 18.b3 Re7 19.Kf2 Rae8 20.Rfe1 Nh4 21.a4 Bf7 22.Rad1 Bg6
23.Bxg6 hxg6 24.Nc1 Rxe1 25.Bxe1 Kf7 26.Nd3 Nd7 27.Bd2 g5 28.Nf1 Nf5 29.g3 a6
30.Ne3 Nxe3 31.Bxe3 Rh8 32.Kg2 Re8 33.Re1 Bc7 34.g4 Ba5 35.Bd2 Rxe1 36.Bxe1 Bd8
37.f4 gxf4 38.Nxf4 g5 39.Nd3 Be7 40.Bg3 c5  1/2-1/2

[Event "Baku Open 2012"]
[Site "Baku AZE"]
[Date "2012.09.22"]
[Round "1.2"]
[White "Alekseev,Evgeny"]
[Black "Pourramezanali,A"]
[Result "1-0"]
[WhiteElo "2682"]
[BlackElo "2357"]

1.Nf3 d5 2.d4 Nf6 3.c4 c6 4.e3 e6 5.Bd3 Nbd7 6.b3 Bd6 7.Bb2 O-O 8.O-O Qe7
9.Ne5 c5 10.Nd2 cxd4 11.exd4 Ba3 12.Bxa3 Qxa3 13.Qc2 h6 14.Rac1 dxc4 15.Ndxc4 Qe7
16.Be2 Nd5 17.Bf3 N7f6 18.Ne3 Qd6 19.Qc5 Rd8 20.Nxd5 Nxd5 21.Bxd5 Qxc5 22.Rxc5 Rxd5
23.Rfc1 Rxc5 24.dxc5 f6 25.Nc4 Bd7 26.f3 Bc6 27.Kf2 Kf7 28.Ke3 g5 29.b4 Ke7
30.a3 Rg8 31.g3 h5 32.Nd6 g4 33.f4 Rh8 34.b5 Bf3 35.h4 Rd8 36.a4 e5 37.a5 b6
38.fxe5 fxe5 39.axb6 axb6 40.Nc4 bxc5 41.Nxe5 Rd1 42.Rxd1 Bxd1 43.Ng6+ Kd6
44.Nf4 Ba4 45.b6 Be8 46.Ne6 Bc6 47.Ng7 Bd7 48.Nxh5 Bf5 49.Nf6  1-0

[Event "Baku Open 2012"]
[Site "Baku AZE"]
[Date "2012.09.26"]
[Round "5.3"]
[White "Durarbayli,V"]
[Black "Alekseev,Evgeny"]
[Result "1/2-1/2"]
[WhiteElo "2584"]
[BlackElo "2682"]

1.c4 c5 2.Nf3 Nc6 3.g3 e5 4.Nc3 g6 5.Bg2 Bg7 6.O-O d6 7.a3 Nge7 8.b4 h6 9.Rb1 f5
10.Ne1 O-O 11.Na4 Rb8 12.bxc5 dxc5 13.Nxc5 Qd4 14.Nb3 Qxc4 15.d3 Qa4 16.Nf3 b6
17.Bb2 Be6 18.Nbd2 Qxd1 19.Rfxd1 g5 20.Rdc1 g4 21.Ng5 Bd7 22.Bxc6 Nxc6 23.Ne6 Bxe6
24.Rxc6 Bd5 25.Rg6 Rfe8 26.Rc1 Bf7 27.Rgc6 Rbd8 28.Nc4 Re7 29.Nd6 Be6 30.a4 f4
31.Nc8 Ree8 32.Nd6 Re7 33.Nc8 Ree8 34.Nd6 Re7  1/2-1/2

[Event "Baku Open 2012"]
[Site "Baku AZE"]
[Date "2012.09.27"]
[Round "6.3"]
[White "Guseinov,G"]
[Black "Alekseev,Evgeny"]
[Result "1/2-1/2"]
[WhiteElo "2613"]
[BlackElo "2682"]

1.e4 e5 2.Nf3 Nc6 3.Bb5 Nf6 4.O-O Nxe4 5.Re1 Nd6 6.Nxe5 Be7 7.Bf1 Nxe5 8.Rxe5 O-O
9.d4 Bf6 10.Re1 Re8 11.c3 Rxe1 12.Qxe1 Qe8 13.Qxe8+ Nxe8 14.Bd3 d5 15.Bf4 Bd7  1/2-1/2

[Event "Baku Open 2012"]
[Site "Baku AZE"]
[Date "2012.09.28"]
[Round "7.3"]
[White "Alekseev,Evgeny"]
[Black "Safarli,E"]
[Result "1/2-1/2"]
[WhiteElo "2682"]
[BlackElo "2620"]

1.e4 e5 2.Nf3 Nc6 3.Bb5 a6 4.Ba4 d6 5.c3 Bd7 6.O-O g6 7.d4 Bg7 8.Re1 b5 9.Bb3 Nf6
10.Nbd2 O-O 11.h3 Re8 12.Bc2 Na5 13.b4 Nb7 14.Bb2 a5 15.a3 Nh5 16.Bd3 exd4
17.cxd4 c5 18.bxc5 dxc5 19.e5 Bc6 20.Bf1 Nf4 21.Ne4 Ne6 22.d5 Qxd5 23.Qxd5 Bxd5
24.Bxb5 Red8 25.a4 Rac8 26.Ba3 Bxe4 27.Rxe4 Nd6 28.Ree1  1/2-1/2

[Event "Baku Open 2012"]
[Site "Baku AZE"]
[Date "2012.09.29"]
[Round "8.4"]
[White "Nigalidze,G"]
[Black "Alekseev,Evgeny"]
[Result "1/2-1/2"]
[WhiteElo "2449"]
[BlackElo "2682"]

1.c4 c5 2.Nc3 g6 3.Nf3 Bg7 4.d3 Nc6 5.a3 e6 6.Bg5 Nge7 7.Qd2 h6 8.Bxe7 Qxe7
9.e3 O-O 10.Be2 Rd8 11.O-O d5 12.cxd5 exd5 13.d4 Bf5 14.dxc5 d4 15.Na4 h5
16.e4 d3 17.Bd1 Qxe4 18.Bb3 Qe2 19.Qxe2 dxe2 20.Rfe1 Bd3 21.Nc3 Re8 22.Ng5 Nd8
23.Rac1 Rc8 24.Bc2 Bxc3 25.bxc3 Bxc2 26.Rxc2 Rxc5 27.h4 Nc6 28.f3 Kg7 29.Kf2 Ra5
30.Ra2 Ra4 31.g3 f6 32.Ne4 Ne5 33.Rexe2 Nd3+ 34.Kg2 Nc1 35.Nc5 Rxa3 36.Rxa3 Rxe2+
37.Kf1 Ra2 38.Rxa2 Nxa2 39.c4 b6 40.Ne4 Nb4 41.Ke2 Nc6 42.Ke3 Kf7 43.c5 bxc5
44.Nxc5 a5 45.g4 Ne5 46.Kf4 Nc4 47.Ke4 Nb6 48.Kd4 a4 49.gxh5 gxh5 50.Nd3 a3
51.Kc3 Nd5+ 52.Kb3 Kg6 53.Kxa3 Kf5 54.Kb3 Nf4 55.Ne1 Ng6 56.Ng2 Ne5 57.Ne3+ Ke6
58.Ng2 Kf5 59.Ne3+ Kg6 60.f4 Nf3 61.f5+ Kg7 62.Ng2 Kh6 63.Kc4 Nxh4 64.Nxh4 Kg5
65.Ng2 Kxf5 66.Kd3 Kg4 67.Ke2 Kg3 68.Ne3 h4 69.Nf5+ Kg4 70.Ne3+ Kg3  1/2-1/2

[Event "Baku Open 2012"]
[Site "Baku AZE"]
[Date "2012.09.30"]
[Round "9.4"]
[White "Alekseev,Evgeny"]
[Black "Idani,P"]
[Result "1-0"]
[WhiteElo "2682"]
[BlackElo "2469"]

1.e4 c5 2.Nf3 d6 3.d4 cxd4 4.Qxd4 a6 5.c4 Nc6 6.Qe3 g6 7.Be2 Bg4 8.O-O Bg7
9.Rd1 Bxf3 10.Bxf3 Qa5 11.Bd2 Qc5 12.Qb3 Rb8 13.Nc3 Nd4 14.Qa4+ Qc6 15.Rac1 Nf6
16.Be3 Nxf3+ 17.gxf3 Nd7 18.Qxc6 bxc6 19.b3 c5 20.f4 f5 21.f3 Rf8 22.Kg2 Rc8
23.Nd5 e6 24.Nc3 Rc6 25.Rc2 Ke7 26.Ne2 fxe4 27.fxe4 Nf6 28.Ng3 Ng4 29.Bc1 Bd4
30.Re2 a5 31.h3 Nf6 32.e5 dxe5 33.fxe5 Nd7 34.Rxd4 cxd4 35.Ba3+ Ke8 36.Bxf8 Kxf8
37.Rd2 Nxe5 38.Rxd4 a4 39.Rd8+ Ke7 40.Rb8 Kf6 41.Rb7 Nd3 42.Kf3 Nc1 43.Ne4+ Kf5
44.Rb5+ e5 45.c5 Ke6 46.bxa4 Kd5 47.Ke3 Nxa2 48.Rb2 Nc1 49.a5 Ra6 50.Rd2+ Kc6
51.Rd6+ Kb5 52.Rxa6 Kxa6 53.c6 Nb3 54.Nd6 Nxa5 55.c7 Nc4+ 56.Nxc4 Kb7 57.Ke4 Kxc7
58.Kxe5 Kc6 59.Ne3  1-0

[Event "Vladimir Petrov Memorial"]
[Site "Jurmala LAT"]
[Date "2013.02.17"]
[Round "12.6"]
[White "Alekseev,Evgeny"]
[Black "Kulaots,K"]
[Result "1/2-1/2"]
[WhiteElo "2695"]
[BlackElo "2582"]

1.e4 c5 2.Nf3 d6 3.d4 Nf6 4.Bb5+ Bd7 5.Bxd7+ Qxd7 6.dxc5 Nxe4 7.cxd6 e6 8.O-O Bxd6
9.Qd3 Nf6 10.Rd1 Bc5 11.Qe2 Qc7 12.Nc3 Nbd7 13.Ne4 Be7 14.Nxf6+ Bxf6 15.Qe4 O-O
16.Bf4 Nc5 17.Qc4 Qb6 18.Be3 Rfc8 19.Rab1 Qc6 20.c3 a6 21.Qf4 Rd8 22.Ne5 Qe4
23.Qxe4 Nxe4 24.Nd7 Be7 25.Bb6 Rdc8 26.f3 Nd6 27.Bf2 Rd8 28.Nb6 Rab8 29.c4 f6
30.Bg3 e5 31.Bf2 Nf7 32.c5 Rxd1+ 33.Rxd1 Rd8 34.Nd5 Kf8 35.Be3 Rd7 36.Kf2 Nd8
37.b4 Ne6 38.Nc3 Rxd1 39.Nxd1 Ke8 40.Nc3 Kd7 41.Ke2 a5 42.a3 axb4 43.axb4 b6
44.cxb6 Bxb4 45.Nd5 Bd6 46.Kd3 Kc6 47.Kc4 f5 48.Nc3 Bc5 49.b7 Bd6 50.Nb5 Bb8
51.Ba7  1/2-1/2